| 000 | 00749nam a2200241 i 4500 | ||
|---|---|---|---|
| 001 | 000008773 | ||
| 003 | DO-SdBNP | ||
| 005 | 20230914133132.0 | ||
| 007 | ta | ||
| 008 | 090918s1976 dr 000 0 spa d | ||
| 040 |
_aDO-SdBNP _bspa _cBNPHU _erda |
||
| 049 | _aBNPD | ||
| 082 | 4 | _222 | |
| 245 | 0 | 3 | _aLa desnutrición y sus implicaciones sociales en la República Dominicana. |
| 264 |
_aSanto Domingo : _bFondo para el Avance de las Ciencias Sociales _b Consejo Nacional de Población y Familia, _c1976. |
||
| 300 |
_a123 páginas ; _c22 cm. |
||
| 336 |
_2rdacontent _atexto _btxt |
||
| 337 |
_2rdamedia _asin mediación _bn |
||
| 338 |
_2rdacarrier _avolumen _bnc |
||
| 590 | _aInventariado, 2023/BT | ||
| 910 | _aBtavárez | ||
| 942 |
_2ddc _cLBS1 |
||
| 999 |
_c8542 _d8542 |
||